Statistics for Airlines by Tails (EXTREME)

Click here to take the quiz!

General Stats

  • This quiz has been taken 303 times
  • The average score is 36 of 43

Answer Stats

Answer% Correct
Lufthansa
98%
Qantas
98%
Air Canada
97%
American Airlines
97%
Swiss Airlines
97%
British Airways
96%
Emirates
96%
Korean Airlines
95%
Aer Lingus
94%
Air China
94%
Delta Airlines
94%
United Airlines
94%
Singapore Airlines
93%
Southwest Airlines
92%
Thai Airways
92%
Air France
91%
Ryanair
90%
Qatar Airways
89%
Turkish Airlines
89%
Air New Zealand
88%
Hawaiian Airlines
87%
Cathay Pacific
86%
LOT Airlines
86%
Alaska Airlines
84%
El Al
84%
Aeroflot
83%
Alitalia
83%
Malaysia Airlines
82%
Iberia
79%
China Southern Airlines
77%
Ethiopian Airlines
75%
Saudia
74%
Aeromexico
72%
Air India
72%
EVA Air
72%
Egyptair
69%
Icelandair
69%
Etihad
67%
China Airlines
66%
Westjet
66%
China Eastern Airlines
65%
LATAM
64%
Avianca
53%

Score Distribution

Percentile by Number Answered

Percent of People with Each Score

Your Score History

You have not taken this quiz